Miquel Navarro, 1973-1996 /

I tiakina i:
Ngā taipitopito rārangi puna kōrero
Kaituhi matua: Navarro, Miquel (autor)
Kaituhi rangatōpū: Instituto Cultural Cabañas
Ētahi atu kaituhi: Kelly, Liam (curaduría y texto) (curaduría y texto), Pérez, David (curaduría y texto) (curaduría y texto), Alcántara, Francisco (fotógrafo) (fotógrafo), Zaplana Hernández-Soro, Eduardo (prefacio) (prefacio)
Hōputu: Pukapuka
Reo:Pāniora
I whakaputaina: Valencia, España : Generalitat Valenciana, 1996, c1996
Ngā Tūtohu: Tāpirihia he Tūtohu
Kāore He Tūtohu, Me noho koe te mea tuatahi ki te tūtohu i tēnei pūkete!

MARC

LEADER 00000nam^a2200000^a^4500
001 000570659
005 20250521000000.0
009 20260310132233.466
020 |a 84-482-1525-7 
037 |a Acervo ITESO - Biblioteca 
041 |a ESP 
091 |a FGM. 04170 
100 |a Navarro, Miquel  |e (autor) 
245 1 0 |a Miquel Navarro, 1973-1996 / 
264 4 |a Valencia, España :  |b Generalitat Valenciana,  |c 1996, c1996 
300 |a 119 p. 
336 |a texto  |b txt  |2 rdacontenido 
337 |a sin mediación  |b n  |2 rdamedio 
338 |a volumen  |b nc  |2 rdasoporte 
649 |a XX 
710 |a Instituto Cultural Cabañas 
700 |a Kelly, Liam  |e (curaduría y texto) 
700 |a Pérez, David  |e (curaduría y texto) 
700 |a Alcántara, Francisco  |e (fotógrafo) 
700 |a Zaplana Hernández-Soro, Eduardo  |e (prefacio) 
910 |a Fondo Efraín González Morfín 
920 |a Impresos - Libros 
930 |a Fondos Especiales 
905 |a 130 
901 |a 0500392582  |b IT2  |c ESL  |i D93099  |u 20250521 
902 |a https://opac.biblio.iteso.mx/vufind/Record/000570659